[Event "European Blitz 2017"]
[Site "Katowice POL"]
[Date "2017.12.15"]
[Round "21.91"]
[White "Jablonicky, Martin"]
[Black "Kahleys, Kevin"]
[Result "1/2-1/2"]
[WhiteTitle "FM"]
[WhiteElo "2302"]
[BlackElo "2195"]
[WhiteFideId "14925621"]
[BlackFideId "24669601"]
[EventDate "2017.12.15"]
[EventType "blitz"]

1. e4 e6 2. d4 d5 3. Bd3 Nf6 4. e5 Nfd7 5. c3 c5 6. Ne2 Nc6 7. O-O Qb6 8. Bc2 a5
9. a3 Be7 10. Kh1 f5 11. Nf4 Nf8 12. dxc5 Bxc5 13. Nd3 Be7 14. Be3 Qc7 15. f4
Bd7 16. Nd2 h6 17. Nf3 Nd8 18. a4 Nf7 19. Nd4 g5 20. Nb5 Bxb5 21. axb5 g4 22. b6
Qc8 23. b4 axb4 24. Rxa8 Qxa8 25. Ba4+ Nd7 26. cxb4 Nd8 27. Bc5 Nc6 28. Bxc6
bxc6 29. Qa1 Kf7 30. Qa7 Qxa7 31. bxa7 Ra8 32. Ra1 Ke8 33. Ra6 Nxc5 34. bxc5 Kd7
35. Nb4 Bxc5 36. Nxc6 Be3 37. g3 d4 38. Nxd4 Bxd4 39. Rd6+ Ke7 40. Rxd4 Rxa7 41.
Rd2 Ra1+ 42. Kg2 Ra3 43. Rb2 Rd3 44. h3 h5 45. hxg4 hxg4 46. Rb7+ Rd7 47. Rb2
Ra7 48. Rc2 Kd7 49. Rd2+ Ke7 50. Rc2 Rd7 51. Kf2 Rd3 52. Rc7+ Kd8 53. Rc2 Kd7
54. Ra2 Rc3 55. Rd2+ Ke7 56. Kg2 Rc5 57. Kf2 Ra5 58. Kg2 Ra7 59. Kf2 Rc7 60. Ke3
Rc3+ 61. Kf2 Rf3+ 62. Kg2 Re3 63. Kf2 Rf3+ 64. Kg2 Rb3 65. Rc2 Kd7 66. Rd2+ Ke7
67. Kf2 Rf3+ 68. Kg2 Rc3 69. Kf2 Rc7 70. Ke3 Ra7 71. Kf2 Ra3 72. Kg2 Rb3 73. Kf2
Rb5 74. Kg2 Rb7 75. Kf2 Ra7 76. Kg2 Rd7 77. Rc2 Rd3 78. Kf2 Kd7 79. Ra2 Kc7 80.
Ra6 Kd7 81. Rb6 Rc3 82. Rd6+ Ke7 83. Rd2 Ra3 84. Rc2 Ra7 85. Rd2 Rc7 86. Ke3
Rc3+ 87. Kf2 Rb3 88. Ra2 Rb7 89. Rd2 Rb6 90. Ra2 Rb7 91. Rd2 Rb3 92. Ra2 1/2-1/2

[Event "European Blitz 2017"]
[Site "Katowice POL"]
[Date "2017.12.15"]
[Round "21.92"]
[White "Budrewicz, Krzysztof"]
[Black "Psyk, Radoslaw"]
[Result "1/2-1/2"]
[WhiteElo "2204"]
[BlackElo "2222"]
[WhiteFideId "1127950"]
[BlackFideId "1182838"]
[EventDate "2017.12.15"]
[EventType "swiss"]

1. d4 d5 2. Nf3 Nf6 3. c4 e6 4. Nc3 Be7 5. Bf4 c5 6. e3 Nc6 7. a3 O-O 8. cxd5
exd5 9. Be2 Bf5 10. O-O Rc8 11. dxc5 Bxc5 12. b4 Be7 13. Rc1 Qd7 14. Qb3 Rfd8
15. Rfd1 Be6 16. Nb5 a6 17. Nbd4 Nxd4 18. Nxd4 Ne4 19. Bd3 Rxc1 20. Rxc1 Rc8 21.
Rxc8+ Qxc8 22. Qc2 Qxc2 23. Bxc2 a5 24. bxa5 Bxa3 25. Bc7 Bb4 26. f3 Nd2 27. Bd3
Nc4 28. Nb3 Nxe3 29. Kf2 Nc4 30. Ke2 Kf8 31. g4 g6 32. h4 Ke7 33. h5 Kd7 34.
hxg6 hxg6 35. Bb6 Nxb6 36. axb6 Bc3 37. Bb5+ Kd6 38. Kd3 Be1 39. Be8 Bf2 40. Nd4
Bxd4 41. Kxd4 g5 42. Bb5 f6 43. Ba4 Bf7 44. Bb5 Bg6 45. Ba4 Bf7 46. Bb5 Be6 47.
Ba4 Bg8 48. Bb5 Bh7 49. Ba4 Bg8 50. Bb5 Be6 51. Ba4 Bf7 52. Bb5 Bg6 53. Ba4 Bf7
54. Bb5 Bg8 55. Ba4 Be6 56. Bb5 Bf7 57. Ba4 Bg6 58. Bb5 Bc2 59. Be8 Bd1 60. Ke3
Kc5 61. Bf7 d4+ 62. Ke4 Bc2# 1/2-1/2

[Event "European Blitz 2017"]
[Site "Katowice POL"]
[Date "2017.12.15"]
[Round "21.93"]
[White "Tomaszewski, Roman"]
[Black "Cieslar, Michal"]
[Result "0-1"]
[WhiteTitle "IM"]
[WhiteElo "2285"]
[BlackElo "2032"]
[WhiteFideId "1100637"]
[BlackFideId "1141066"]
[EventDate "2017.12.15"]
[EventType "blitz"]

1. e4 g6 2. c4 Bg7 3. Nc3 d6 4. g3 e5 5. Bg2 Ne7 6. Nge2 O-O 7. O-O f5 8. d3 c6
9. Be3 Nd7 10. Qd2 Nf6 11. Bg5 Qb6 12. Rab1 Be6 13. b3 Rae8 14. Rbd1 Ng4 15. h3
Nf6 16. Kh2 c5 17. Rde1 Kh8 18. exf5 Nxf5 19. Bxf6 Bxf6 20. Nd5 Bxd5 21. Bxd5
Qc7 22. Bg2 b6 23. Be4 Rg8 24. Kg2 Rg7 25. h4 Qd8 26. Rh1 Nh6 27. Nc3 g5 28. h5
Rf7 29. Nd5 Bg7 30. Ne3 Ref8 31. Ref1 Qd7 32. Qe2 a5 33. Nd5 g4 34. Nxb6 Qd8 35.
Nd5 Rf3 36. Ne3 Qg5 37. Nxg4 R3f7 38. Ne3 Bf6 39. Nd5 Bd8 40. Qe1 Rg7 41. Qc1
Rxf2+ 42. Rxf2 Qxg3+ 43. Kf1 Bh4 44. Rg2 Rf7+ 45. Ke2 Rf2+ 46. Rxf2 Qxf2+ 47.
Kd1 Ng4 48. Qc2 Qg3 49. Qg2 Nf2+ 50. Ke2 Nxh1 51. Qxh1 Qf2+ 52. Kd1 Bg5 53. Qg2
Qh4 54. Qf3 Kg7 55. Ne3 Bxe3 56. Qxe3 Qg4+ 57. Qf3 Qg1+ 0-1

[Event "European Blitz 2017"]
[Site "Katowice POL"]
[Date "2017.12.15"]
[Round "21.94"]
[White "Tate, Alan"]
[Black "Balaian, Alina"]
[Result "0-1"]
[WhiteTitle "FM"]
[BlackTitle "WIM"]
[WhiteElo "2358"]
[BlackElo "2224"]
[WhiteFideId "2401878"]
[BlackFideId "24115347"]
[EventDate "2017.12.15"]
[EventType "blitz"]

1. e4 e6 2. d4 d5 3. Nd2 Nf6 4. e5 Nfd7 5. Bd3 c5 6. c3 Nc6 7. Ngf3 Be7 8. O-O
g5 9. a3 cxd4 10. cxd4 g4 11. Ne1 h5 12. Nc2 Qb6 13. b4 Nxd4 14. Nxd4 Qxd4 15.
Nb3 Qxe5 16. Re1 Qg7 17. Ra2 Bf6 18. Bf4 h4 19. Be2 Bc3 20. Rf1 e5 21. Bc1 Nf6
22. Nc5 O-O 23. Rc2 d4 24. Bd3 b6 25. Ne4 Bf5 26. Nd6 Bxd3 27. Qxd3 Qg6 28. Nf5
Nd5 29. Qe4 Rfe8 30. f3 Nf6 31. Qd3 e4 32. fxe4 Nxe4 33. Bb2 Bxb2 34. Rxb2 h3
35. g3 Re5 36. Nh4 Qg5 37. Re2 Rae8 38. Rfe1 Nc3 39. Rxe5 Rxe5 40. Rxe5 Qxe5 41.
Qc4 Qe1+ 0-1

[Event "European Blitz 2017"]
[Site "Katowice POL"]
[Date "2017.12.15"]
[Round "21.95"]
[White "Sabuk, Piotr"]
[Black "Pavlidou, Ekaterini"]
[Result "1-0"]
[WhiteTitle "IM"]
[BlackTitle "WIM"]
[WhiteElo "2382"]
[BlackElo "2196"]
[WhiteFideId "1137565"]
[BlackFideId "4213262"]
[EventDate "2017.12.15"]
[EventType "blitz"]

1. d4 Nf6 2. Nf3 e6 3. e3 b6 4. Bd3 Bb7 5. O-O d5 6. c4 Nbd7 7. Nc3 Be7 8. b3
O-O 9. Bb2 c5 10. cxd5 exd5 11. Qe2 Ne4 12. Rfd1 f5 13. Ba6 Bxa6 14. Qxa6 Nxc3
15. Bxc3 Qc8 16. Qxc8 Raxc8 17. dxc5 Nxc5 18. Bb2 Rfd8 19. Rac1 a5 20. Kf1 Kf7
21. Rd2 Bf6 22. Bxf6 Kxf6 23. Rcd1 Ne4 24. Rb2 Rc5 25. Nd4 Rdc8 26. g3 Rc1 27.
Ke1 Rxd1+ 28. Kxd1 g5 29. f3 Nd6 30. Rd2 Rc5 31. Ne2 Nb5 32. Rd3 Nc7 33. Kd2 Rc6
34. Nd4 Rc5 35. a3 Ne6 36. b4 axb4 37. axb4 Rc4 38. Nc2 Nc7 39. Rc3 Rxc3 40.
Kxc3 Ke5 41. Nd4 h5 42. Kd3 h4 43. f4+ gxf4 44. exf4+ Kf6 45. gxh4 Ne8 46. Nf3
Nd6 47. Kd4 Ne4 48. Kxd5 Nf2 49. Kc6 Nd3 50. b5 Nxf4 51. Kxb6 Kg6 52. Kc6 Ne6
53. b6 Kh5 54. h3 f4 55. Kd6 Nd8 56. Kc7 Ne6+ 57. Kc8 Nc5 58. b7 Na6 59. Kd7 Kg6
60. Kc8 Kf5 61. Nd4+ Ke4 62. Nb3 Kd5 63. h5 f3 64. h6 f2 65. Nd2 Ke6 66. h7 1-0

[Event "European Blitz 2017"]
[Site "Katowice POL"]
[Date "2017.12.15"]
[Round "21.96"]
[White "Kutynec, Vladimir"]
[Black "Przybylski, Bartosz"]
[Result "1/2-1/2"]
[WhiteTitle "IM"]
[WhiteElo "2270"]
[BlackElo "2085"]
[WhiteFideId "4119843"]
[BlackFideId "1126652"]
[EventDate "2017.12.15"]
[EventType "swiss"]

1. Nf3 c5 2. c4 b6 3. g3 Bb7 4. Bg2 Nf6 5. O-O e6 6. Nc3 Be7 7. d4 cxd4 8. Qxd4
O-O 9. Rd1 Nc6 10. Qf4 a6 11. Nd4 Rc8 12. b3 d6 13. Nxc6 Bxc6 14. Bb2 Bxg2 15.
Kxg2 Qc7 16. f3 Rfd8 17. e4 h6 18. Rac1 Qb7 19. h4 Rd7 20. g4 Nh7 21. Qg3 b5 22.
cxb5 axb5 23. Ne2 Rxc1 24. Rxc1 Rc7 25. h5 Rxc1 26. Nxc1 Qc6 27. Qf2 Ng5 28. Nd3
e5 29. Nb4 Qd7 30. Nd5 Ne6 31. Qb6 Bg5 32. Ba3 Qc8 33. Qf2 Qc6 34. Bb2 Nf4+ 35.
Nxf4 Bxf4 36. Qe2 d5 37. exd5 Qxd5 38. Bc3 Qc6 39. Be1 f6 40. Bf2 Qd5 41. Qe4
Qd2 42. a4 bxa4 43. bxa4 Qa2 44. Qd3 Qxa4 45. Qd8+ Kh7 46. Qd3+ Kg8 47. Qd8+ Kh7
48. Qd3+ Kg8 49. Qd5+ Kh7 50. Qd3+ Kg8 51. Qd5+ 1/2-1/2

[Event "European Blitz 2017"]
[Site "Katowice POL"]
[Date "2017.12.15"]
[Round "21.97"]
[White "Lehtioksa, Jorma"]
[Black "Reza, Wojciech"]
[Result "1/2-1/2"]
[WhiteElo "2173"]
[BlackElo "2283"]
[WhiteFideId "502200"]
[BlackFideId "1151967"]
[EventDate "2017.12.15"]
[EventType "blitz"]

1. e4 c5 2. Nf3 e6 3. d4 cxd4 4. Nxd4 Nc6 5. Nc3 Qc7 6. g3 Nf6 7. Bg2 Nxd4 8.
Qxd4 Bc5 9. Bf4 d6 10. Qd2 a6 11. O-O-O Ng4 12. Bxd6 Bxd6 13. Qxd6 Qxd6 14. Rxd6
Nxf2 15. Rf1 Ng4 16. h3 Ne5 17. Na4 Bd7 18. Nc5 Bc6 19. Nd3 Nxd3+ 20. cxd3 Ke7
21. Rd4 Rhd8 22. Rxd8 Rxd8 23. Kd2 e5 24. Ke3 f6 25. Rd1 Rd4 26. Rc1 Kd6 27. Bf3
h6 28. h4 Bb5 29. Be2 Bc6 30. Bf3 Kc7 31. Be2 Kb6 32. g4 Rd6 33. Rg1 Kc7 34. g5
hxg5 35. hxg5 Kb6 36. gxf6 gxf6 37. Rg6 Kc5 38. Rh6 a5 39. a3 Kb5 40. Bd1 Kc5
41. Bb3 Kb6 42. Bc4 Kc5 43. Bb3 a4 44. Bd1 Bb5 45. Be2 Bc6 46. Rh1 Kb6 47. Rc1
Kc7 48. Rf1 Kd7 49. Rf2 Ke7 50. Rf1 Bd7 51. Rh1 Rb6 52. Rb1 Be6 53. Bd1 Ba2 54.
Ra1 Rxb2 55. Bxa4 Be6 1/2-1/2

[Event "European Blitz 2017"]
[Site "Katowice POL"]
[Date "2017.12.15"]
[Round "21.98"]
[White "Ondrus, Martin"]
[Black "Smieszek, Wojciech"]
[Result "0-1"]
[WhiteElo "2261"]
[BlackElo "2185"]
[WhiteFideId "14913330"]
[BlackFideId "1156047"]
[EventDate "2017.12.15"]
[EventType "blitz"]

1. e4 c5 2. Nf3 g6 3. d4 cxd4 4. Nxd4 Nc6 5. Nc3 Bg7 6. Be3 Nf6 7. Bc4 O-O 8.
Bb3 Re8 9. f3 e6 10. Qd2 d5 11. O-O-O Nxd4 12. Bxd4 e5 13. Bf2 d4 14. Nd5 Nxd5
15. Bxd5 Be6 16. Bxe6 Rxe6 17. Kb1 Rc8 18. Rc1 Qd7 19. c3 Rec6 20. cxd4 exd4 21.
Rhd1 Rxc1+ 22. Rxc1 Rxc1+ 23. Qxc1 d3 24. Qd2 h5 25. Bxa7 Kh7 26. Be3 Qb5 27. f4
g5 28. g3 Qc4 29. e5 Qe4 30. a3 gxf4 31. gxf4 h4 32. b4 h3 33. Kb2 f6 34. exf6
Bxf6+ 35. Kb3 Qd5+ 36. Ka4 b5+ 37. Ka5 Bd8+ 38. Bb6 Bf6 39. Qe3 0-1

[Event "European Blitz 2017"]
[Site "Katowice POL"]
[Date "2017.12.15"]
[Round "21.99"]
[White "Strejczek, Dariusz"]
[Black "Sotsky, Alexander"]
[Result "0-1"]
[BlackTitle "IM"]
[WhiteElo "2149"]
[BlackElo "2333"]
[WhiteFideId "1122142"]
[BlackFideId "4130715"]
[EventDate "2017.12.15"]
[EventType "blitz"]

1. d4 d5 2. Nf3 c6 3. Bf4 e6 4. a3 f5 5. e3 Nf6 6. Bd3 Be7 7. Nc3 O-O 8. h3 Ne4
9. Bxe4 fxe4 10. Ne5 Bd7 11. Qg4 Rf5 12. f3 exf3 13. gxf3 Be8 14. Rg1 Bf6 15.
O-O-O Nd7 16. e4 Bh5 17. Qg3 dxe4 18. fxe4 Rxf4 19. Qxf4 Bxd1 20. Nxd7 Qxd7 21.
Qxf6 Rf8 22. Qe5 Bf3 23. Na4 b6 24. Nc3 Qf7 25. Kb1 Bh5 26. b3 Bg6 27. Kb2 Qf2
28. Rd1 Rf6 29. Qb8+ Rf8 30. Qxa7 b5 31. Qc5 Qg3 32. Qxc6 Qxh3 33. d5 exd5 34.
Qxd5+ Kh8 35. Qxb5 h6 36. a4 Rc8 37. Qb4 Qf3 38. Rd3 Qf6 39. Qd4 Qc6 40. a5 h5
41. Qb6 Qe8 42. Re3 Bf7 43. a6 Rb8 44. Qd4 Rd8 45. Qc5 Rc8 46. Qb4 Rb8 47. Qd4
Rd8 48. Qb4 Rb8 49. Qd6 Rd8 50. Qf4 Qe7 51. e5 Rb8 52. Rf3 Be6 53. Qa4 Qc7 54.
Re3 Qc5 55. Qe4 Rb4 56. Qa8+ Kh7 57. Qg2 Bg4 58. e6 Qxe3 59. Nd5 Qe5+ 60. c3 Re4
61. Qd2 Re2 0-1

[Event "European Blitz 2017"]
[Site "Katowice POL"]
[Date "2017.12.15"]
[Round "21.100"]
[White "Olsen, Filip Boe"]
[Black "Lavendelis, Egons"]
[Result "1-0"]
[WhiteTitle "FM"]
[BlackTitle "FM"]
[WhiteElo "2294"]
[BlackElo "2278"]
[WhiteFideId "1440640"]
[BlackFideId "11601647"]
[EventDate "2017.12.15"]
[EventType "swiss"]

1. d4 Nf6 2. c4 g6 3. Nc3 d5 4. Bf4 Bg7 5. e3 c6 6. Rc1 O-O 7. Nf3 dxc4 8. Bxc4
Nbd7 9. O-O Nb6 10. Bd3 Be6 11. a3 Bc4 12. h3 Bxd3 13. Qxd3 Rc8 14. Rfd1 Nfd5
15. Bh2 Nxc3 16. Rxc3 Nd5 17. Rcc1 Qb6 18. Qc2 Rfd8 19. b4 a5 20. Qc5 axb4 21.
axb4 Bf8 22. Qxb6 Nxb6 23. b5 e6 24. Be5 Nd5 25. bxc6 bxc6 26. Nd2 f6 27. Bg3 c5
28. dxc5 Rxc5 29. Rxc5 Bxc5 30. Nb3 Be7 31. Nd4 Kf7 32. Nc6 Rc8 33. Nxe7 Kxe7
34. Ra1 e5 35. Ra7+ Rc7 36. Ra5 Ke6 37. Ra6+ Ke7 38. Ra5 Nc3 39. Kh2 Ne4 40. f3
Nd6 41. e4 Nc4 42. Ra6 Ne3 43. Bf2 Nc2 44. Bh4 g5 45. Bf2 h5 46. Rb6 h4 47. Rb2
Na3 48. Ra2 Nc4 49. Rc2 Rc6 50. Rc1 Kd7 51. Rd1+ Kc7 52. Rc1 Kb7 53. Rb1+ Ka6
54. Rc1 Kb5 55. g3 hxg3+ 56. Kxg3 Kb4 57. Kg4 Kb3 58. h4 gxh4 59. Kxh4 Kb2 60.
Rg1 Nd2 61. Kg4 Rc3 62. Rg3 Kc2 63. Be1 Rc6 64. Bxd2 Kxd2 65. Kf5 Ke3 66. f4+
Kd4 67. fxe5 fxe5 68. Ra3 Rc5 69. Ra4+ Ke3 70. Ra6 Rb5 71. Re6 Kd4 72. Rd6+ Kc4
73. Re6 Kd4 74. Rd6+ Kc4 75. Re6 1-0

[Event "European Blitz 2017"]
[Site "Katowice POL"]
[Date "2017.12.15"]
[Round "22.2"]
[White "Aleksandrov, Aleksej"]
[Black "Michalik, Peter"]
[Result "1-0"]
[WhiteTitle "GM"]
[BlackTitle "GM"]
[WhiteElo "2589"]
[BlackElo "2557"]
[WhiteFideId "13500139"]
[BlackFideId "14907526"]
[EventDate "2017.12.15"]
[EventType "blitz"]

1. d4 d5 2. c4 c6 3. Nc3 Nf6 4. e3 e6 5. Nf3 Nbd7 6. Bd3 dxc4 7. Bxc4 b5 8. Be2
a6 9. e4 c5 10. e5 cxd4 11. Qxd4 Bc5 12. Qh4 Nd5 13. Qg3 Qb6 14. O-O Nxc3 15.
bxc3 g6 16. a4 Bb7 17. Rb1 Be4 18. Rb2 Bc6 19. Bh6 Bf8 20. Bxf8 Kxf8 21. axb5
axb5 22. h4 Qc5 23. Nd4 Nxe5 24. Nxc6 Nxc6 25. Rxb5 Qa3 26. Bf3 Qxc3 27. Qd6+
Kg7 28. Qxc6 Qf6 29. h5 Rac8 30. Qd6 Rhd8 31. Qe5 Rd2 32. h6+ 1-0

[Event "European Blitz 2017"]
[Site "Katowice POL"]
[Date "2017.12.15"]
[Round "22.3"]
[White "Kovalenko, Igor"]
[Black "Navara, David"]
[Result "1/2-1/2"]
[WhiteTitle "GM"]
[BlackTitle "GM"]
[WhiteElo "2639"]
[BlackElo "2740"]
[WhiteFideId "14117908"]
[BlackFideId "309095"]
[EventDate "2017.12.15"]
[EventType "blitz"]

1. e4 c6 2. d4 d5 3. exd5 cxd5 4. Bd3 Nc6 5. c3 Nf6 6. Nf3 Qc7 7. Na3 Bg4 8. Nb5
Qb8 9. h3 Bh5 10. a4 a6 11. Na3 e5 12. dxe5 Nxe5 13. Be2 Bc5 14. Nc2 O-O 15. O-O
Re8 16. Be3 Bd6 17. Ncd4 Nc4 18. Bxc4 dxc4 19. a5 Qc7 20. Qa4 Nd5 21. Bd2 Nf4
22. Bxf4 Bxf4 23. Rfe1 Red8 24. Nh4 Bg5 25. Nhf5 h6 26. Qb4 Kh7 27. Ra4 Re8 28.
Rf1 Be2 29. Nxe2 Rxe2 30. Nd4 Be7 31. Qxc4 Qxc4 32. Rxc4 Rxb2 33. Rc7 Re8 34. g3
Bd8 35. Rc8 Rg8 36. Ra1 Bf6 37. Rc7 Rd8 38. Rxf7 Rc8 39. Ra3 Rc5 40. Kg2 Kg6 41.
Rd7 Rd2 42. h4 Rd3 43. Ne6 Rxd7 44. Nxc5 Rc7 45. Ne4 Be7 46. Ra4 Kf5 47. Kf3 h5
48. Ke3 Ke5 49. Kd3 Rd7+ 50. Ke3 Bd8 51. Nc5 Rc7 52. Nd3+ Kf5 53. c4 Be7 54. Kf3
g6 55. Nf4 Rc5 56. Nd3 Rc7 57. Ke3 Bd8 58. c5 Re7+ 59. Kf3 Rd7 60. Ke3 Re7+ 61.
Kd2 Bc7 62. Nf4 Re5 63. Nd3 Re4 64. Ra2 Rc4 65. Ke3 Re4+ 66. Kf3 Rd4 67. Ke2
Re4+ 68. Kf3 Rd4 69. Ke2 Ke4 70. Ne1 Rc4 71. Nd3 Rc3 72. Ra4+ Kd5 73. Kd2 Rc4
74. Ra2 Kc6 75. Ke3 Kb5 76. Rb2+ Kc6 77. Ra2 Kd5 78. Rb2 Kc6 79. f4 Ra4 80. Rb3
Rxa5 81. Kd4 Ra4+ 82. Ke3 a5 83. Kf3 Rc4 84. g4 a4 85. Ra3 hxg4+ 86. Kxg4 Kb5
87. Kf3 Bd8 88. Ra2 Bxh4 89. Rb2+ Ka6 90. Rb6+ Ka7 91. Rxg6 a3 92. Rg2 Rc3 93.
Ke4 Ka6 94. Kd4 Bf6+ 95. Ne5 Rb3 96. Kc4 Rb2 97. Rg3 Rc2+ 98. Kb4 Rb2+ 99. Kxa3
Rf2 100. Rg6 Rxf4 101. Nd7 Rf3+ 102. Kb4 Rf4+ 103. Kb3 Kb5 104. Nxf6 Rf3+ 105.
Kc2 Kxc5 106. Ne4+ Kd4 107. Nd2 Rf2 108. Rd6+ Kc5 109. Rd8 b5 110. Kc3 b4+ 111.
Kb3 Re2 112. Nc4 Re1 113. Rc8+ Kb5 114. Rh8 Rb1+ 115. Nb2 Rc1 116. Rb8+ Ka6 117.
Rxb4 Rc6 118. Nc4 Rc5 119. Kc3 Rh5 120. Kd4 Rh4+ 121. Kd5 Rh5+ 122. Kc6 Rh6+
123. Nd6 Ka5 124. Rd4 Rg6 125. Rh4 Re6 126. Kd5 Rg6 127. Kc5 Rg5+ 128. Kc6 Rg6
129. Rd4 Rh6 130. Rf4 Rg6 131. Rh4 Re6 132. Kd5 Rg6 133. Nc4+ Kb5 134. Rh8 Rg5+
135. Ne5 Kb4 136. Rb8+ Kc3 137. Ra8 Kb4 138. Kd4 Kb3 139. Rb8+ Kc2 140. Rb7 Rh5
141. Nf3 Rf5 142. Ke3 Rf8 143. Rc7+ Kb3 144. Nd4+ Kb4 145. Kd3 Rd8 146. Rc4+ Ka5
147. Rc6 Kb4 148. Rc4+ Ka5 149. Rc1 Kb4 150. Rc7 Rd5 151. Rc8 Rd7 152. Rc4+ Ka5
153. Ke4 Kb6 154. Ke5 Rc7 155. Rb4+ Kc5 156. Rb1 Re7+ 157. Ne6+ Kc4 158. Rb6 Rh7
159. Rc6+ Kd3 160. Nf4+ Kd2 161. Kd4 Rd7+ 162. Nd5 Ke2 163. Rf6 Rd8 164. Rf5 Rd7
165. Ke4 Rd8 166. Re5 Kd2 167. Rh5 Re8+ 168. Kd4 Ke2 169. Nf6 Re6 170. Ng4 Re8
171. Ne5 Kf2 172. Ke4 Ke2 173. Rh2+ Kd1 174. Rg2 Re6 175. Kd4 Rd6+ 176. Kc3 Ke1
177. Nc4 Rd8 178. Ne5 Rd6 179. Nd3+ Kf1 180. Rf2+ Kg1 181. Re2 Kf1 182. Kd2 Rf6
183. Re5 Kg2 184. Ke3 Kg3 185. Rg5+ Kh4 186. Rg8 Kh5 187. Nf4+ Kh6 188. Ke4 Ra6
189. Kf5 Ra5+ 190. Kf6 Ra6+ 191. Ne6 Kh5 192. Rg1 Kh4 193. Kf5 Ra5+ 194. Ke4
Ra4+ 195. Nd4 Kh5 196. Ke5 Ra5+ 197. Kf4 1/2-1/2

[Event "European Blitz 2017"]
[Site "Katowice POL"]
[Date "2017.12.15"]
[Round "22.4"]
[White "Andriasian, Zaven"]
[Black "McShane, Luke J"]
[Result "1/2-1/2"]
[WhiteTitle "GM"]
[BlackTitle "GM"]
[WhiteElo "2585"]
[BlackElo "2640"]
[WhiteFideId "13302000"]
[BlackFideId "404853"]
[EventDate "2017.12.15"]
[EventType "blitz"]

1. e4 e5 2. Nf3 Nc6 3. Bc4 Bc5 4. O-O Nf6 5. d3 d6 6. c3 a6 7. Bb3 Ba7 8. Nbd2
O-O 9. h3 Ne7 10. Nh4 Be6 11. Qf3 Qd7 12. Nc4 Kh8 13. Ne3 Nfg8 14. Qe2 c6 15.
Nf3 f6 16. d4 Rae8 17. Rd1 Bxb3 18. axb3 Qe6 19. dxe5 fxe5 20. Nc4 Bb8 21. Ng5
Qg6 22. Qd3 Rd8 23. Nf3 b5 24. Ncd2 d5 25. Qe2 dxe4 26. Nh2 Ba7 27. Ng4 h5 28.
Nxe5 Qf5 29. Nxe4 Rxd1+ 30. Qxd1 Qxe5 31. Qd3 Bxf2+ 32. Nxf2 Qe1+ 33. Qf1 Qxf1+
34. Kxf1 Nf5 35. Bf4 Nge7 36. Rxa6 Nd5 37. Bg5 Ng3+ 38. Kg1 Ne2+ 39. Kf1 Ng3+
40. Kg1 Ne2+ 41. Kf1 Ng3+ 1/2-1/2

[Event "European Blitz 2017"]
[Site "Katowice POL"]
[Date "2017.12.15"]
[Round "22.7"]
[White "Warakomski, Tomasz"]
[Black "Fridman, Daniel"]
[Result "0-1"]
[WhiteTitle "GM"]
[BlackTitle "GM"]
[WhiteElo "2537"]
[BlackElo "2633"]
[WhiteFideId "1124552"]
[BlackFideId "11600454"]
[EventDate "2017.12.15"]
[EventType "blitz"]

1. e4 c5 2. Nf3 d6 3. d4 cxd4 4. Nxd4 Nf6 5. Nc3 g6 6. Bg5 Bg7 7. Bb5+ Nbd7 8.
a4 a6 9. Bxd7+ Bxd7 10. a5 O-O 11. Bxf6 Bxf6 12. Nd5 Bg7 13. O-O Rc8 14. Nb6 Rc5
15. c3 Bc6 16. Re1 Rh5 17. Qd3 Bb5 18. c4 Be8 19. b4 e6 20. h3 Qf6 21. Rad1 g5
22. Qf3 Qg6 23. Ne2 Rh4 24. Ng3 Bc6 25. Rxd6 Be5 26. Rxc6 bxc6 27. Nd7 Qg7 28.
Nxf8 Qxf8 29. c5 Qh6 30. Qe3 Bf4 31. Qd3 g4 32. hxg4 Rxg4 33. Rd1 Be5 34. Qf3
Rh4 35. Rd8+ Kg7 36. Rd1 Kg6 37. Kf1 Rf4 38. Qe3 Qh2 39. b5 cxb5 40. c6 Rg4 41.
Qf3 h5 42. Rc1 Rf4 43. Qe3 h4 44. c7 hxg3 45. c8=Q Rxf2+ 46. Qxf2 gxf2 47. Qg8+
Bg7 48. Rc3 Qg1+ 0-1

[Event "European Blitz 2017"]
[Site "Katowice POL"]
[Date "2017.12.15"]
[Round "22.8"]
[White "Ponkratov, Pavel"]
[Black "Dziuba, Marcin"]
[Result "1-0"]
[WhiteTitle "GM"]
[BlackTitle "GM"]
[WhiteElo "2613"]
[BlackElo "2584"]
[WhiteFideId "4157800"]
[BlackFideId "1112953"]
[EventDate "2017.12.15"]
[EventType "blitz"]

1. d4 d5 2. Nf3 Nf6 3. c4 e6 4. g3 Bb4+ 5. Bd2 Bd6 6. Bg2 O-O 7. Qc2 c6 8. O-O
Nbd7 9. b3 Ne4 10. Bc1 Qe7 11. Nbd2 f5 12. e3 b6 13. Ne1 Bb7 14. Nd3 Rac8 15.
Bb2 c5 16. Rac1 cxd4 17. exd4 Ndf6 18. Nf3 dxc4 19. bxc4 b5 20. c5 Bb8 21. Rfe1
Rfd8 22. Nfe5 Bd5 23. a4 a6 24. axb5 axb5 25. Qe2 Qb7 26. Nf4 Bxe5 27. dxe5 Nd7
28. Qe3 Bc4 29. Bd4 Nb8 30. g4 Nc6 31. Bb2 Qe7 32. gxf5 exf5 33. e6 Nb4 34. Bxe4
fxe4 35. Kh1 Nd3 36. Nxd3 Rxd3 37. Qf4 Rf8 38. Qe5 Rd5 39. Qxe4 Rdf5 40. Rcd1 1-0

[Event "European Blitz 2017"]
[Site "Katowice POL"]
[Date "2017.12.15"]
[Round "22.9"]
[White "Gajewski, Grzegorz"]
[Black "Demidov, Mikhail"]
[Result "1-0"]
[WhiteTitle "GM"]
[BlackTitle "IM"]
[WhiteElo "2601"]
[BlackElo "2523"]
[WhiteFideId "1116207"]
[BlackFideId "4197143"]
[EventDate "2017.12.15"]
[EventType "blitz"]

1. d4 d5 2. Nf3 Nf6 3. Bf4 c5 4. e3 cxd4 5. exd4 Nc6 6. Nbd2 Bf5 7. Bb5 Qb6 8.
c4 dxc4 9. a4 Nd5 10. Nxc4 Qd8 11. Bg3 e6 12. O-O a6 13. Bxc6+ bxc6 14. Nce5 Rc8
15. Rc1 Nb4 16. Bh4 f6 17. g4 Be4 18. Re1 Bd5 19. Nc4 Be7 20. Bg3 O-O 21. b3 c5
22. a5 cxd4 23. Nxd4 e5 24. Nf5 Bc5 25. Nce3 Be6 26. Qe2 Qxa5 27. Red1 Qb5 28.
Qf3 Rfd8 29. Rxd8+ Rxd8 30. g5 Nd3 31. Rd1 Qxb3 32. gxf6 g6 33. f7+ Bxf7 34.
Nh6+ Kg7 35. Neg4 Nf4 1-0

[Event "European Blitz 2017"]
[Site "Katowice POL"]
[Date "2017.12.15"]
[Round "22.10"]
[White "Kislinsky, Alexey"]
[Black "Bosiocic, Marin"]
[Result "0-1"]
[WhiteTitle "GM"]
[BlackTitle "GM"]
[WhiteElo "2513"]
[BlackElo "2624"]
[WhiteFideId "14108801"]
[BlackFideId "14507927"]
[EventDate "2017.12.15"]
[EventType "blitz"]

1. e4 c5 2. c3 d5 3. exd5 Qxd5 4. d4 Nf6 5. Nf3 e6 6. Be2 Nc6 7. O-O Be7 8. a3
O-O 9. c4 Qd7 10. dxc5 Bxc5 11. b4 Bd4 12. Ra2 e5 13. b5 Ne7 14. Nxd4 exd4 15.
Rd2 Nf5 16. Bb2 Ne4 17. Rd3 Nc5 18. Rd2 Rd8 19. g4 d3 20. gxf5 Qxf5 21. Bf3 Be6
22. Re1 Bxc4 23. Re5 Qg6+ 24. Kh1 Nb3 25. Be4 Qh6 26. Rh5 Qf4 27. Qf3 Qxf3+ 28.
Bxf3 Nxd2 29. Nxd2 Rac8 30. Bxb7 Rc7 31. Bc6 Be6 32. f4 a6 33. a4 axb5 34. axb5
Bd7 35. Rc5 Bxc6+ 36. bxc6 Rdc8 37. Rd5 Rxc6 38. Rxd3 Rg6 39. h3 h6 40. Kh2 Rc2
41. Ba3 Kh7 42. Bd6 h5 43. h4 Rg4 44. Kh3 Rc1 45. Nf3 Rh1+ 46. Nh2 Kg6 47. Rd5
f6 48. f5+ Kh7 49. Bg3 Ra4 50. Rd3 Ra2 51. Rf3 Rb1 52. Bd6 Rb5 53. Bc7 Rc2 54.
Bd8 Rcc5 55. Kg3 Rxf5 56. Rxf5 Rxf5 57. Nf3 Rd5 58. Be7 Kg6 59. Ba3 Kf5 60. Bc1
Rd3 61. Bf4 Ke4 0-1